Geography Quiz

Random Geography or World Quiz

Capitals By First Two Letters Minefield Quiz Stats

Quiz Updated Jun 23, 2017

Challenge
Share
Tweet
Embed
Score 0/98 Timer 07:00
13 Plays Today
# First Two Letters % Correct
2???
72.1%
6???
67.9%
4???
65.5%
2???
65.3%
4???
58.7%
9???
58.3%
5???
56.3%
6???
55.8%
4???
53.5%
2???
50.8%
10???
50.4%
4???
49%
1???
47.7%
3???
47.4%
2???
47.1%
8???
46.1%
1???
44.7%
2???
44.4%
2???
43.7%
1???
42.6%
1???
40.8%
1???
40.2%
2???
39.9%
4???
39.2%
3???
38.1%
2???
37.7%
3???
37.5%
1???
36.7%
4???
36.6%
2???
36.5%
4???
36%
4???
35%
4???
35%
# First Two Letters % Correct
1???
33.8%
1???
33.5%
1???
32.1%
1???
31.7%
2???
31.6%
7???
30.9%
1???
30.7%
3???
30.6%
1???
29.6%
3???
28.6%
1???
27.8%
1???
27.6%
1???
27.1%
2???
27%
3???
26.9%
1???
26.8%
1???
26%
1???
25.7%
2???
25.5%
1???
24.6%
1???
23.6%
1???
23.3%
2???
22.9%
1???
22.8%
2???
22.1%
2???
22.1%
1???
22%
1???
21.9%
1???
20.6%
2???
20.5%
1???
20%
1???
19.4%
1???
19.3%
# First Two Letters % Correct
1???
19.1%
1???
18.4%
1???
18%
1???
17.9%
1???
17.8%
1???
17.5%
1???
16.8%
3???
16.4%
1???
16.3%
1???
15.9%
Mine???
15.8%
1???
15.6%
1???
15.3%
1???
14.9%
1???
14.7%
1???
14.7%
1???
14.3%
1???
13.7%
1???
13.4%
1???
13.1%
1???
12.9%
1???
12.9%
1???
12.9%
1???
12.8%
1???
12.7%
1???
12.2%
1???
11.9%
1???
11.8%
1???
10.9%
1???
10.2%
1???
8.3%
1???
6.5%

You're not logged in!

Compare scores with friends on all Sporcle quizzes.
Sign Up with Email
OR
Log In

You Might Also Like...

Show Comments

Extras

Top Quizzes Today


Score Distribution

Your Account Isn't Verified!

In order to create a playlist on Sporcle, you need to verify the email address you used during registration. Go to your Sporcle Settings to finish the process.